ბათუმის შოთა რუსთაველის სახელმწიფო უნივერსიტეტის ბიბლიოთეკა

Почвоведение (ბიბ.ჩანაწერი № 46320)

000 -LEADER
fixed length control field 00569nam a2200217Ia 4500
001 - CONTROL NUMBER
control field 13156
003 - CONTROL NUMBER IDENTIFIER
control field GE_BSU
008 - FIXED-LENGTH DATA ELEMENTS--GENERAL INFORMATION
fixed length control field 181216s||||||||xx |||||||||||||| ||und||
040 ## - CATALOGING SOURCE
Transcribing agency GE_BSU
080 ## - UNIVERSAL DECIMAL CLASSIFICATION NUMBER
Universal Decimal Classification number 631.4
245 ## - TITLE STATEMENT
Title Почвоведение
245 ## - TITLE STATEMENT
Remainder of title Учебник
245 ## - TITLE STATEMENT
Statement of responsibility, etc. Под.ред.И.С.Кауричева.Ред.В.М.Шлепанов
260 ## - PUBLICATION, DISTRIBUTION, ETC.
Place of publication, distribution, etc. Москва
260 ## - PUBLICATION, DISTRIBUTION, ETC.
Name of publisher, distributor, etc. Колос
260 ## - PUBLICATION, DISTRIBUTION, ETC.
Date of publication, distribution, etc. 1975
300 ## - PHYSICAL DESCRIPTION
Extent 496стр.илл.17см.
300 ## - PHYSICAL DESCRIPTION
Dimensions Библиогр.с.482-481
653 ## - INDEX TERM--UNCONTROLLED
Uncontrolled term Почвоведение
942 ## - ADDED ENTRY ELEMENTS (KOHA)
Koha item type წიგნი
ეგზემპლარები
Withdrawn status Lost status Damaged status Not for loan Date acquired Barcode Date last seen Price effective from Koha item type
        2018-12-17 21041 2018-12-17 2018-12-17 წიგნი